000 00294nam a22001337a 4500
008 180922b xxu||||| |||| 00| 0 eng d
020 _a9780195084863
041 _aeng
080 _a321
100 _a19
101 _aSHP
245 _aGovernments of the World
_cPious, R.M
942 _2udc
_cBK
999 _c48302
_d48302